1725 1381 1238 1509 1965 1797 1863 1617 1197 1902 1010 1716 1137 1275 1357 1813 1325 1644 1932 1499 1144 1339 1250 1766 1453 1519 1195 1070 1941 1943 1683 1379 1950 1571 1175 1778 1366 1327 1072 1063 1760 1990 1817 1289 1404 1055 1988 1094 1457 1820 1736 1954 1715 1719 1373 1312 1364 1089 1361 1939 1610 1853 1428 1535 1612 1519 1953 1450 1752 1454 1951 1259 1068 1496 1726 1195 1429 1934 1995 1743 1824 1955 1734 1444 1574 1611 1666 1840 1218 1163 1772 1280 1406 1058 1684 1006 1062 1284 1365 BCNSPRNW ULIB Ver.6.0+V

เปลี่ยนเป็นภาษาไทย

Change to English
 แสดงรายละเอียดบรรณานุกรม
  กลับหน้าหลัก

Brief Record : Get Marc (ISO 2709) : E-mail record : QR code < ปิดหน้าต่าง
LEADER : 00000nam 2200000uu 4500
001    13399120690
003     ULIB
008    121004s2551||||th 000 0 tha d
020    ^a9789741089093
050 04 ^aBF637^bว763B
100 0  ^aวิศิษฐ์ ศรีพิบูลย์
245 10 ^aภาษากายพิชิตหัวใจ =^bBody language /^cวิศิษฐ์ ศรีพิบูลย์
246 31 ^aBody language
250    ^aพิมพ์ครั้งที่ 1
260    ^aกรุงเทพฯ :^bบานานา สวีท,^c2551
300    ^a131 หน้า :^bภาพประกอบ ;^c21 ซม.
650  7 ^aภาษาท่าทาง
650  7 ^aการสื่อสาร
945    ^p120^l0^i15420
945    ^p120^l0^i15755
945    ^p120^l0^i15846
995    ^aวิภา
999 ^a ใช้งานได้ทุกระบบ
รายการนี้ยังไม่มีแท็ก
คุณยังไม่ได้ล็อกอิน คุณสามารถมีกิจกรรมร่วมกับเว็บไซต์ได้ แต่ต้องล็อกอินก่อน ::
  ล็อกอิน

รายการสื่อสารสนเทศ

ลำดับที่ ประเภท เลขเรียก/บาร์โค้ด สถานที่ สถานะ
1. วิทยาศาสตร์การแพทย์ และสุขภาพ
วิทยาศาสตร์การแพทย์ และสุขภาพ
BF637 ว763B  
  Barcode: 15420
ห้องสมุดวิทยาเขตสวรรค์ประชารักษ์
►หนังสือทั่วไป
บนชั้น
2. วิทยาศาสตร์การแพทย์ และสุขภาพ
วิทยาศาสตร์การแพทย์ และสุขภาพ
BF637 ว763B ฉ.2 
  Barcode: 15755
ห้องสมุดวิทยาเขตสวรรค์ประชารักษ์
►หนังสือทั่วไป
บนชั้น
3. วิทยาศาสตร์การแพทย์ และสุขภาพ
วิทยาศาสตร์การแพทย์ และสุขภาพ
BF637 ว763B ฉ.3 
  Barcode: 15846
ห้องสมุดวิทยาเขตสวรรค์ประชารักษ์
►หนังสือทั่วไป
บนชั้น

รายการใกล้เคียง
    ผู้แต่ง [วิศิษฐ์ ศรีพิบูลย์]

    หัวเรื่อง [ภาษาท่าทาง]
    หัวเรื่อง [การสื่อสาร]

BibComment


ยังไม่เคยถูกคอมเมนท์

คอมเมนท์ทรัพยากรรายการนี้
  คอมเมนท์: ภาษากายพิชิตหัวใ..


 Copyright 2026. Bcnsprnw @Library